Normal view
MARC view
Entry Topical Term
001 - CONTROL NUMBER
- control field: 57655
003 - CONTROL NUMBER IDENTIFIER
- control field: OSt
005 - DATE AND TIME OF LATEST TRANSACTION
- control field: 20251104162626.0
008 - FIXED-LENGTH DATA ELEMENTS
- fixed length control field: 251104|| aca||aabn | a|a d
040 ## - CATALOGING SOURCE
- Original cataloging agency: OSt
- Transcribing agency: OSt
150 ## - HEADING--TOPICAL TERM
- Topical term or geographic name entry element: Gandhi’s Satyagraha, South Africa, Historical Accuracy, Non-Violent Resistance, Religious Dimensions, Discrepancies in Narratives, Gandhi’s Writings, 1906–1914, SSA 1924, Political Biography, Truth Claims, Revisionist History
670 ## - SOURCE DATA FOUND
- Source citation: Work cat.: (OSt)527466: Kolge, N., Debnath, B. and Lenin, C.C. 57654, Gandhi’s Satyagraha in South Africa: A less than accurate account of Gandhi’s struggle in south Africa
